000 00343nam a2200145Ia 4500
003 OSt
005 20240301104125.0
008 170523s9999 xx 000 0 und d
020 _a978-0070996038
040 _ciimtu meerut
100 _aTAYLOR- GRANT
245 0 _aENGLISH CONVERSATION PRACTICE
260 _bTATA MC GRAW HILL
942 _2ddc
_c02
999 _c588
_d588